|
|
|
|
| LEADER |
00000cam a2200000 a 4500 |
| 001 |
vtls008400669 |
| 003 |
SK-MaSNL |
| 005 |
20260301105937.0 |
| 008 |
250312s1947 xo f 000 0 slo |
| 015 |
|
|
|a SNBA19451955-012042
|
| 035 |
|
|
|a SK01SNKBKSFS20020092886
|
| 035 |
|
|
|a urn:nbn:sk:snk-am3htxd
|
| 035 |
|
|
|a 32A1F70A-AAAC-4B32-AC56-8EE20214A5DF
|
| 035 |
|
|
|a urn:nbn:sk:snk-am00d97d
|
| 035 |
|
|
|a SKM000095349
|
| 040 |
|
|
|a SNK
|b slo
|c SNK
|e AACR2
|
| 041 |
0 |
|
|a slo
|
| 044 |
|
|
|a xo
|c SK
|
| 080 |
|
|
|a 338(075)
|2 1981
|
| 080 |
|
|
|a 373(075)
|2 1981
|
| 100 |
1 |
|
|a Šimovič, Ladislav,
|d 1915-2010
|4 aut
|9 179189
|
| 245 |
1 |
0 |
|a Príručka národného hospodárstva pre stredné a odborné školy
|c Ladislav Šimovič
|
| 260 |
|
|
|a Bratislava
|b Štátne nakladateľstvo
|c 1947
|e Bratislava
|f Štátna kníhtlačiareň
|
| 300 |
|
|
|a 80, [3] s.
|c V. 8°
|
| 650 |
0 |
7 |
|a národné hospodárstvo
|2 SNKPH
|9 846
|
| 650 |
0 |
7 |
|a ekonomika
|2 SNKPH
|9 789
|
| 655 |
|
7 |
|a učebnice stredných škôl
|2 SNKPH
|9 69323
|
| 655 |
|
7 |
|a príručky
|2 SNKPH
|9 74364
|
| 852 |
|
|
|a Slovenská národná knižnica
|
| 958 |
|
|
|a OND
|
| 958 |
|
|
|a RK
|
| 958 |
|
|
|a TL
|
| 999 |
|
|
|c 702014
|d 703944
|
| 952 |
|
|
|a SNK
|b SNK
|y VYP
|7 0
|p 17A0572035
|o snkSD 5766 D1
|i snkVI. 3567/55
|0 0
|1 0
|4 0
|d 2008-01-22
|l 0
|r 2026-02-23 21:02:19
|w 2026-02-23
|
| 952 |
|
|
|a SNK
|b SNK
|y VYP
|7 0
|p 17A0572034
|o snkSD 5766 D2
|i snkF 6743/62
|8 5
|0 0
|1 0
|4 0
|d 2008-01-22
|l 0
|r 2026-02-23 21:02:19
|w 2026-02-23
|
| 952 |
|
|
|a SNK
|b SNK
|y PREZ
|7 0
|p 17A0909521
|o snkSD 5766
|i snk4994/47
|0 0
|1 0
|4 0
|d 2018-11-19
|f 1
|l 0
|r 2025-11-13 00:00:00
|w 2026-02-23
|